Personnages de Harry Potter par lettre - G - Statistiques

Statistiques générales
  • Ce quiz a été pris 1 117 fois
    881 depuis la dernière actualisation
  • Le résultat moyen est 8 sur 14
Statistiques - réponses
Indice Personnage % Correct
La seule fille d'Arthur et Molly Weasley Ginny Weasley
99%
L'autre jumeau Weasley George Weasley
97%
Un des quatre fondateurs de Poudlard Godric Gryffondor
83%
Elle garde l'entrée de la salle commune de Gryffondor Grosse Dame
80%
Un serpentard qui joue le rôle de garde du corps de Drago Malefoy Gregory Goyle
79%
Professeur de défenses contre les forces du mal aux compétences douteuses, mais au sourire charmeur! Gilderoy Lockhart
75%
Il a scellé un pacte de sang avec Albus Dumbledore Gellert Grindelwald
65%
Fabriquant de baguettes sur le Chemin de Traverse Garrick Ollivander
63%
Petite sœur de Fleur Delacour Gabrielle Delacour
60%
Le gobelin qui a amené Harry à la chambre forte où se trouvait l'argent de ses parents Gripsec
56%
Géant demi-frère de Rubeus Hagrid Graup
54%
Un des deux frères de Molly Weasley Gideon Prewett
24%
Elle fut professeur de défense contre les forces du mal à Poudlard pendant 50 ans Galatea Têtenjoy
5%
Examinatrice pour les épreuves d'ASPIC à Poudlard Griselda Marchebank
3%
Aucun quiz correspondant
Distribution des résultats
% des personnes avec chaque résultat
Percentile par nombre de réponses
Votre historique - résultats
Vous n’avez pas pris ce quiz depuis la dernière actualisation